IMPULZ časopis pre obidve strany bankového pultu

Salvato in:
Dettagli Bibliografici
Natura: Periodico
Lingua:slovacco
Pubblicazione: Bratislava Euro-Press 1998
Soggetti:
Tags: Aggiungi Tag
Nessun Tag, puoi essere il primo ad aggiungerne!!

MARC

LEADER 00000nas2a2200000 4500
001 s122272
005 20231103122522.5
041 0 |a slo 
044 |a SK 
245 1 0 |a IMPULZ  |b časopis pre obidve strany bankového pultu 
264 1 |a Bratislava  |b Euro-Press  |c 1998 
300 |a 1 zv. 
773 0 |w eu_un_cat*s121252 
610 2 0 |a bankovníctvo 
610 2 0 |a poisťovníctvo